Sena 45 años : (Registro nro. 15399)

Detalles MARC
000 -LEADER
fixed length control field 00807nam a22002057a 4500
003 - CONTROL NUMBER IDENTIFIER
control field OSt
005 - DATE AND TIME OF LATEST TRANSACTION
control field 20210316141101.0
008 - FIXED-LENGTH DATA ELEMENTS--GENERAL INFORMATION
fixed length control field 210316t2002 ck o||gr|||| 00| 0 spa d
020 ## - INTERNATIONAL STANDARD BOOK NUMBER
International Standard Book Number 9581500758
040 ## - CATALOGING SOURCE
Original cataloging agency CO-JMCR
Transcribing agency CO-JMCR
041 0# - LANGUAGE CODE
Language code of text/sound track or separate title spa
082 04 - DEWEY DECIMAL CLASSIFICATION NUMBER
Classification number 378.1543 /
Item number S669s
Edition number 23
100 1# - MAIN ENTRY--PERSONAL NAME
Personal name Sánchez Medina, Alvaro,
Relator term autor
9 (RLIN) 36178
245 10 - TITLE STATEMENT
Title Sena 45 años :
Remainder of title más de 23 millones de alumnos /
Statement of responsibility, etc. Álvaro Sánchez Medina
260 ## - PUBLICATION, DISTRIBUTION, ETC.
Place of publication, distribution, etc. Bogotá :
Name of publisher, distributor, etc. Sena,
Date of publication, distribution, etc. ©2002
300 ## - PHYSICAL DESCRIPTION
Extent 243 páginas :
Other physical details ilustraciones y fotografías a color ;
Dimensions 31 cm.
505 0# - FORMATTED CONTENTS NOTE
Formatted contents note Formación profesional -- Ciencia y tecnología -- El Sena y el campo -- Industria para el desarrollo -- Centros de formación -- El Sena por dentro
610 2# - SUBJECT ADDED ENTRY--CORPORATE NAME
Corporate name or jurisdiction name as entry element Servicio Nacional de Aprendizaje
General subdivision Administración
9 (RLIN) 36179
942 ## - ADDED ENTRY ELEMENTS (KOHA)
Source of classification or shelving scheme Dewey Decimal Classification
Koha item type Books
Existencias
Withdrawn status Lost status Source of classification or shelving scheme Damaged status Not for loan Collection code Home library Current library Date acquired Source of acquisition Total Checkouts Full call number Barcode Date last seen Date last checked out Copy number Price effective from Koha item type
    Dewey Decimal Classification     Non-fiction Biblioteca Pública José María del Castillo y Rada Biblioteca Pública José María del Castillo y Rada 10/02/2020 Donación 4 378.1543 / S669s 201810884 04/01/2025 03/25/2025 Ej.1 03/16/2021 Books